[Event "4th EUR-ch"]
[Site "Istanbul TUR"]
[Date "2003.05.31"]
[Round "2.88"]
[White "Kurajica, Bojan"]
[Black "Brendel, Oliver"]
[Result "1-0"]
[WhiteElo "2551"]
[BlackElo "2378"]
[EventDate "2003.05.30"]
[PlyCount "49"]

1.d4 Nf6 2.Nf3 g6 3.g3 Bg7 4.c4 O-O 5.Bg2 d5 6.O-O dxc4 7.Na3 c3 8.bxc3 c5
9.Qb3 Nc6 10.Rd1 Qa5 11.d5 Nxd5 12.Rxd5 Be6 13.Bb2 Bxd5 14.Qxd5 Bxc3 15.
Nc4 Qb4 16.a3 Qb3 17.Qd3 Nd4 18.Rb1 Bxb2 19.Rxb2 Qa4 20.Nxd4 cxd4 21.Rb3 
Qd7 22.Bxb7 Rab8 23.Ne5 Qc7 24.Qe4 Qc1+ 25.Kg2 1-0

[Event "4th EUR-ch"]
[Site "Istanbul TUR"]
[Date "2003.05.31"]
[Round "2.89"]
[White "Stevic, Hrvoje"]
[Black "Arduman, Can"]
[Result "1-0"]
[WhiteElo "2550"]
[BlackElo "2361"]
[EventDate "2003.05.30"]
[PlyCount "77"]

1.e4 e5 2.Nf3 Nc6 3.Bb5 a6 4.Ba4 Nf6 5.O-O Be7 6.Qe2 b5 7.Bb3 O-O 8.c3 d5 
9.d3 Re8 10.Nbd2 h6 11.Re1 Be6 12.Nf1 Bf8 13.Ng3 Qd7 14.Be3 Ng4 15.Bd2 
dxe4 16.Bxe6 Qxe6 17.dxe4 Na5 18.b3 Nb7 19.h3 Nf6 20.Nh2 Nc5 21.Ng4 Rad8 
22.Nxf6+ Qxf6 23.Be3 Qc6 24.c4 b4 25.Rad1 Qg6 26.Qf3 c6 27.Nf5 Kh7 28.h4 
Qf6 29.g4 Qg6 30.g5 h5 31.Ng3 Kg8 32.Bxc5 Bxc5 33.Nxh5 f6 34.Ng3 fxg5 35.
h5 Qh6 36.Nf5 Qf6 37.Kg2 Rxd1 38.Rxd1 Rd8 39.Nh6+ 1-0

[Event "4th EUR-ch"]
[Site "Istanbul TUR"]
[Date "2003.05.31"]
[Round "2.90"]
[White "Asmundsson, Ingvar"]
[Black "Jaracz, Pawel"]
[Result "0-1"]
[WhiteElo "2327"]
[BlackElo "2549"]
[EventDate "2003.05.30"]
[PlyCount "98"]

1.e4 c5 2.Nf3 e6 3.c3 Nf6 4.e5 Nd5 5.d4 cxd4 6.cxd4 d6 7.exd6 Bxd6 8.Nc3 
Nxc3 9.bxc3 Qc7 10.Bd2 b6 11.Bd3 Bb7 12.Qe2 Nd7 13.O-O O-O 14.h3 Rfe8 15.
Be4 h6 16.Bxb7 Qxb7 17.Rfe1 e5 18.Nh4 Re6 19.Qe4 Qxe4 20.Rxe4 Nf6 21.Re2 
exd4 22.Rxe6 fxe6 23.cxd4 Rc8 24.Rc1 Rxc1+ 25.Bxc1 Nd5 26.Bd2 Bb4 27.Bxb4 
Nxb4 28.a4 Nd5 29.Ng6 a5 30.Kf1 b5 31.Ne5 bxa4 32.Nc4 Nc3 33.Na3 Kf7 34.
Ke1 Kf6 35.Kd2 Ne4+ 36.Ke3 Nd6 37.f4 h5 38.g4 h4 39.d5 exd5 40.Kd4 Ne4 41.
Kxd5 Nf2 42.Kd4 Nxg4 43.Ke4 Nf2+ 44.Kf3 Nxh3 45.Kg4 Nxf4 46.Kxf4 g5+ 47.
Kg4 Ke6 48.Nc4 Kd5 49.Nxa5 Kc5 0-1

[Event "4th EUR-ch"]
[Site "Istanbul TUR"]
[Date "2003.05.31"]
[Round "2.91"]
[White "Belov, Vladimir"]
[Black "Karadeniz, Emre"]
[Result "1-0"]
[WhiteElo "2549"]
[BlackElo "2308"]
[EventDate "2003.05.30"]
[PlyCount "37"]

1.d4 d5 2.c4 c6 3.Nc3 Nf6 4.Nf3 a6 5.c5 Nbd7 6.h3 Qc7 7.Bg5 Ne4 8.Nxe4 
dxe4 9.Nd2 f5 10.e3 e5 11.Bc4 exd4 12.exd4 g6 13.Qe2 Bg7 14.Nxe4 fxe4 15.
Qxe4+ Ne5 16.O-O Bf5 17.Qe3 Kf8 18.dxe5 Qxe5 19.g4 1-0

[Event "4th EUR-ch"]
[Site "Istanbul TUR"]
[Date "2003.05.31"]
[Round "2.92"]
[White "Gershon, Alik"]
[Black "Erdogdu, Mert"]
[Result "0-1"]
[WhiteElo "2543"]
[BlackElo "2303"]
[EventDate "2003.05.30"]
[PlyCount "108"]

1.d4 d5 2.c4 c6 3.Nf3 Nf6 4.Nc3 a6 5.Bg5 dxc4 6.a4 h6 7.Bd2 Bf5 8.e3 e6 9.
Bxc4 Bb4 10.Ne4 Bxd2+ 11.Nexd2 Nbd7 12.a5 O-O 13.Qe2 Ne4 14.O-O c5 15.Rfd1
Qe7 16.Nxe4 Bxe4 17.Nd2 Bc6 18.Nb3 Rac8 19.e4 cxd4 20.Nxd4 Ne5 21.Bb3 Rfd8
22.Qh5 Qf6 23.Nxc6 Nxc6 24.Qe2 Qe5 25.Ba4 Nxa5 26.Rdc1 Qd4 27.Rxc8 Rxc8 
28.g3 Qb4 29.Bd1 Rd8 30.Ra4 Qd2 31.Qxd2 Rxd2 32.Bf3 Nc6 33.e5 b5 34.Rxa6 
Nxe5 35.Be4 g5 36.b3 Rb2 37.f4 Ng4 38.f5 exf5 39.Bxf5 h5 40.Rc6 Ne3 41.Be4
Rxb3 42.Rc5 f6 43.h4 gxh4 44.gxh4 Rb4 45.Bf3 Rb1+ 46.Kf2 Ng4+ 47.Kg3 Ne5 
48.Rc8+ Kg7 49.Bxh5 b4 50.Rb8 b3 51.Rb7+ Kh6 52.Kf2 b2 53.Kg2 Ng6 54.Kh2 
Nxh4 0-1

[Event "4th EUR-ch"]
[Site "Istanbul TUR"]
[Date "2003.05.31"]
[Round "2.93"]
[White "Ipek, Ali"]
[Black "Svetuschin, Dumitru"]
[Result "0-1"]
[WhiteElo "2254"]
[BlackElo "2543"]
[EventDate "2003.05.30"]
[PlyCount "101"]

1.d4 Nf6 2.Nf3 g6 3.c3 b6 4.Bg5 Bg7 5.Nbd2 Bb7 6.e3 O-O 7.Bc4 d6 8.O-O 
Nbd7 9.Qe2 a6 10.h3 e5 11.dxe5 dxe5 12.e4 Qe8 13.Qe3 Nc5 14.Bxf6 Bxf6 15.
Rfe1 Rd8 16.Rad1 a5 17.b3 Qe7 18.b4 axb4 19.cxb4 Ne6 20.Bxe6 Qxe6 21.a4 
Rd7 22.Nb3 Rxd1 23.Rxd1 Qc4 24.Rc1 Qxb4 25.Rxc7 Bxe4 26.Nbd2 Bxf3 27.Qxf3 
Bg7 28.Qe3 Qxa4 29.Qxb6 e4 30.Nf1 Bd4 31.Qc6 Qa5 32.Qc2 Qe1 33.Re7 Ra8 34.
Qd2 Qxd2 35.Nxd2 Ra1+ 36.Kh2 Bxf2 37.Rxe4 f5 38.Re2 Bg1+ 39.Kg3 Ra2 40.
Re8+ Kf7 41.Rd8 Bb6 42.Rd3 g5 43.Kf3 Ra4 44.Ke2 Ke6 45.Rb3 Bc5 46.Rd3 Ra2 
47.Kf3 h5 48.Nb3 Bb6 49.Nd2 g4+ 50.hxg4 hxg4+ 51.Ke2 0-1

[Event "4th EUR-ch"]
[Site "Istanbul TUR"]
[Date "2003.05.31"]
[Round "2.94"]
[White "Banikas, Hristos"]
[Black "Bayram, Yakup"]
[Result "1-0"]
[WhiteElo "2542"]
[BlackElo "2296"]
[EventDate "2003.05.30"]
[PlyCount "60"]

1.d4 Nf6 2.c4 e6 3.Nf3 c5 4.d5 b5 5.dxe6 fxe6 6.cxb5 d5 7.g3 Bd6 8.Bh3 O-O
9.O-O a6 10.bxa6 Nc6 11.Nbd2 Rxa6 12.b3 e5 13.Bxc8 Qxc8 14.e4 Nd4 15.Nxd4 
cxd4 16.Qe2 d3 17.Qxd3 Qh3 18.Qf3 Ng4 19.Qg2 Qh5 20.exd5 Nxf2 21.Nc4 Nh3+ 
22.Kh1 Rxf1+ 23.Qxf1 Ra8 24.Be3 Rf8 25.Qd1 Qg6 26.Qe2 Bb8 27.Qg2 Qh5 28.d6
e4 29.Qxe4 Bxd6 30.Nxd6 h6 1-0

[Event "4th EUR-ch"]
[Site "Istanbul TUR"]
[Date "2003.05.31"]
[Round "2.95"]
[White "Zelcic, Robert"]
[Black "Oney, Feridun"]
[Result "1-0"]
[WhiteElo "2540"]
[BlackElo "2251"]
[EventDate "2003.05.30"]
[PlyCount "79"]

1.e4 c5 2.Nf3 Nc6 3.d4 cxd4 4.Nxd4 g6 5.Nc3 Bg7 6.Nb3 Nf6 7.Be2 O-O 8.O-O 
a5 9.a4 d6 10.Bg5 Be6 11.f4 Qc8 12.Kh1 Bg4 13.Bxf6 Bxe2 14.Qxe2 Bxf6 15.
Nd5 Bxb2 16.Rab1 Bg7 17.Nb6 Qe6 18.Nxa8 Rxa8 19.Nc1 Rb8 20.Rb6 Nd4 21.Qd3 
Qd7 22.c3 Ne6 23.Rb5 Qc6 24.Qd5 Qxd5 25.exd5 Nc5 26.Nb3 Nxa4 27.c4 Bc3 28.
Nxa5 Bxa5 29.Rxa5 Nc5 30.Rfa1 Kg7 31.Ra8 Rxa8 32.Rxa8 h5 33.g3 Kf6 34.Kg2 
e6 35.dxe6 Kxe6 36.Kf3 d5 37.Re8+ Kd6 38.Rd8+ Nd7 39.cxd5 Ke7 40.Rc8 1-0

[Event "4th EUR-ch"]
[Site "Istanbul TUR"]
[Date "2003.05.31"]
[Round "2.96"]
[White "Erdogan, Hakan"]
[Black "Dervishi, Erald"]
[Result "1-0"]
[WhiteElo "2239"]
[BlackElo "2535"]
[EventDate "2003.05.30"]
[PlyCount "67"]

1.d4 Nf6 2.c4 e6 3.Nc3 d5 4.Bg5 Be7 5.Nf3 O-O 6.Rc1 Nbd7 7.cxd5 exd5 8.e3 
c6 9.Bd3 Re8 10.O-O Nf8 11.Ne5 g6 12.f4 N6d7 13.Bh6 f6 14.Nxd7 Nxd7 15.f5 
Bf8 16.Bf4 g5 17.Qg4 Kh8 18.Bg3 Rxe3 19.Rce1 Qe8 20.Be2 Qf7 21.Bf2 Re7 22.
h4 Bh6 23.Qh5 Qxh5 24.Bxh5 Rxe1 25.Rxe1 Nb6 26.Re8+ Kg7 27.Re7+ Kg8 28.g4 
Bf8 29.Rf7 Bg7 30.hxg5 fxg5 31.f6 Bf8 32.Bg3 Bd7 33.Be5 Rc8 34.Rxd7 1-0

[Event "4th EUR-ch"]
[Site "Istanbul TUR"]
[Date "2003.05.31"]
[Round "2.97"]
[White "Guliev, Sarhan"]
[Black "Morrison, Chris"]
[Result "1-0"]
[WhiteElo "2524"]
[BlackElo "2170"]
[EventDate "2003.05.30"]
[PlyCount "61"]

1.d4 d6 2.Nf3 Nf6 3.c4 Nbd7 4.Nc3 e5 5.g3 Be7 6.Bg2 O-O 7.O-O c6 8.Qc2 Qc7
9.Rd1 Re8 10.h3 h6 11.e4 b5 12.c5 dxc5 13.dxe5 Nxe5 14.Nxe5 Qxe5 15.Bf4 
Qh5 16.e5 Bf5 17.Qc1 Bxh3 18.exf6 Bxg2 19.Kxg2 Bxf6 20.Qc2 b4 21.Rh1 Qg6 
22.Qxg6 fxg6 23.Na4 Re2 24.Rhe1 Rae8 25.Kf1 R2e4 26.Rxe4 Rxe4 27.Nxc5 Bxb2
28.Rb1 Rc4 29.Rxb2 Rxc5 30.Rxb4 Rc2 31.Ra4 1-0

[Event "4th EUR-ch"]
[Site "Istanbul TUR"]
[Date "2003.05.31"]
[Round "2.98"]
[White "Nedev, Trajce"]
[Black "Ataman, Alper"]
[Result "1-0"]
[WhiteElo "2518"]
[BlackElo "2161"]
[EventDate "2003.05.30"]
[PlyCount "86"]

1.e4 c5 2.Nf3 Nc6 3.Bb5 g6 4.Bxc6 dxc6 5.d3 Bg7 6.h3 Nf6 7.Nc3 Nd7 8.Be3 
e5 9.Qd2 Qe7 10.Bh6 Bxh6 11.Qxh6 f6 12.Nh4 Nf8 13.O-O-O Be6 14.Rhf1 O-O-O 
15.f4 exf4 16.Qxf4 Nd7 17.Nf3 Rhf8 18.Rde1 Bg8 19.g4 Ne5 20.Qe3 b6 21.Rf2 
Kb7 22.Ref1 Rfe8 23.a3 Rd6 24.Nxe5 fxe5 25.b3 Red8 26.Kb2 Qe6 27.Qg5 Re8 
28.Nb1 b5 29.Nd2 Qd7 30.Nf3 Qe7 31.Qxe7+ Rxe7 32.Ng5 h6 33.Nf7 Rdd7 34.
Nxh6 Be6 35.Rf6 c4 36.bxc4 bxc4 37.Kc3 cxd3 38.cxd3 Rd4 39.Nf7 Bxf7 40.
Rxf7 Red7 41.Re7 Rxe7 42.Rf6 Rh7 43.Rxg6 Rxh3 1-0

[Event "4th EUR-ch"]
[Site "Istanbul TUR"]
[Date "2003.05.31"]
[Round "2.99"]
[White "Duman, Aydin"]
[Black "Georgiev, Krum"]
[Result "0-1"]
[WhiteElo "2185"]
[BlackElo "2516"]
[EventDate "2003.05.30"]
[PlyCount "38"]

1.e4 c5 2.Nf3 d6 3.d4 cxd4 4.Nxd4 Nf6 5.f3 e5 6.Bb5+ Bd7 7.Bxd7+ Nbxd7 8.
Nf5 d5 9.exd5 Nb6 10.O-O Qxd5 11.Qe1 Qe6 12.f4 e4 13.Qa5 Qd5 14.Qxd5 Nfxd5
15.b3 g6 16.Bb2 gxf5 17.Bxh8 Bc5+ 18.Kh1 f6 19.c4 Ne3 0-1

[Event "4th EUR-ch"]
[Site "Istanbul TUR"]
[Date "2003.05.31"]
[Round "2.101"]
[White "Akcan, Umit"]
[Black "Kulaots, Kaido"]
[Result "1/2-1/2"]
[WhiteElo "2167"]
[BlackElo "2514"]
[EventDate "2003.05.30"]
[PlyCount "41"]

1.e4 c5 2.Nf3 e6 3.d3 Nc6 4.g3 g6 5.Bg2 Bg7 6.O-O Nge7 7.c3 d5 8.Nbd2 O-O 
9.exd5 exd5 10.Nb3 b6 11.d4 c4 12.Nbd2 b5 13.Re1 Bf5 14.Nf1 Be4 15.Bf4 Qd7
16.Qd2 Rfe8 17.h4 Nf5 18.N1h2 a5 19.Bh3 f6 20.Re2 Re7 21.Ne1 1/2-1/2

[Event "4th EUR-ch"]
[Site "Istanbul TUR"]
[Date "2003.05.31"]
[Round "2.102"]
[White "Meijers, Viesturs"]
[Black "Azimi, Reza"]
[Result "1-0"]
[WhiteElo "2512"]
[BlackElo "2046"]
[EventDate "2003.05.30"]
[PlyCount "80"]

1.e4 c5 2.Nf3 Nc6 3.d4 cxd4 4.Nxd4 Nf6 5.Nc3 d6 6.Bg5 e6 7.Qd2 h6 8.Bxf6 
gxf6 9.Be2 h5 10.O-O a6 11.Rad1 Qc7 12.Kh1 Bd7 13.f4 O-O-O 14.a4 h4 15.h3 
Kb8 16.Nxc6+ Qxc6 17.b4 Rc8 18.Rf3 Qc7 19.Rb1 Rg8 20.b5 axb5 21.axb5 b6 
22.Qe1 Rg3 23.Rb3 f5 24.exf5 d5 25.fxe6 fxe6 26.Rxg3 hxg3 27.Qxg3 Bd6 28.
Bd3 Bxf4 29.Qf2 Rf8 30.Na4 Kb7 31.Rc3 Qd8 32.Qd4 Be8 33.Be2 Bb8 34.g3 e5 
35.Qg4 Rf7 36.h4 e4 37.h5 Be5 38.Rb3 Bd7 39.Qg6 Rf6 40.Qh7 Kb8 1-0

[Event "4th EUR-ch"]
[Site "Istanbul TUR"]
[Date "2003.05.31"]
[Round "2.103"]
[White "Reyhan, Dogan"]
[Black "Vesterbaek Pedersen, Nicolai"]
[Result "0-1"]
[WhiteElo "2161"]
[BlackElo "2508"]
[EventDate "2003.05.30"]
[PlyCount "74"]

1.e4 e5 2.Nf3 Nc6 3.Nc3 Nf6 4.d4 exd4 5.Nxd4 Bb4 6.Nxc6 bxc6 7.Bd3 d5 8.
exd5 Qe7+ 9.Qe2 cxd5 10.Qxe7+ Kxe7 11.Bd2 c6 12.O-O-O Be6 13.Rhe1 Rhe8 14.
h3 Kf8 15.Na4 Bd6 16.Be3 Nh5 17.Bc5 Ke7 18.g3 Kd7 19.Bf1 Bxc5 20.Nxc5+ Kd6
21.Ne4+ Kc7 22.Nc5 Nf6 23.g4 h5 24.f3 Nd7 25.Nd3 g5 26.Ne5 Nxe5 27.Rxe5 f6
28.Re3 Bd7 29.Rde1 Kd6 30.Kd2 Re5 31.Ra3 h4 32.Bd3 f5 33.Rxe5 Kxe5 34.Ke3 
fxg4 35.fxg4 Kd6 36.Kf2 Ke6 37.Kg2 Ke5 0-1

[Event "4th EUR-ch"]
[Site "Istanbul TUR"]
[Date "2003.06.01"]
[Round "3.1"]
[White "Kotronias, Vasilios"]
[Black "Beliavsky, Alexander"]
[Result "1-0"]
[WhiteElo "2597"]
[BlackElo "2649"]
[EventDate "2003.05.30"]
[PlyCount "61"]

1.e4 e5 2.Nf3 Nc6 3.Bb5 a6 4.Ba4 Nf6 5.O-O Be7 6.Re1 b5 7.Bb3 O-O 8.c3 d5 
9.exd5 Nxd5 10.Nxe5 Nxe5 11.Rxe5 c6 12.d3 Bd6 13.Re1 Qh4 14.g3 Qh3 15.Re4 
Qf5 16.Nd2 Qg6 17.Re1 f5 18.f4 Bxf4 19.Qf3 Bb8 20.Bxd5+ cxd5 21.Nb3 Bb7 
22.Bf4 Bxf4 23.Qxf4 d4 24.Nxd4 Rae8 25.Rxe8 Qxe8 26.Kf2 Qf7 27.Re1 h6 28.
Re2 Qd5 29.Ke1 Qxa2 30.Ne6 Rf7 31.Nd8 1-0

[Event "4th EUR-ch"]
[Site "Istanbul TUR"]
[Date "2003.06.01"]
[Round "3.2"]
[White "Georgiev, Kiril"]
[Black "Neverov, Valeriy"]
[Result "1/2-1/2"]
[WhiteElo "2647"]
[BlackElo "2583"]
[EventDate "2003.05.30"]
[PlyCount "62"]

1.d4 Nf6 2.c4 g6 3.Nf3 Bg7 4.g3 c6 5.Bg2 d5 6.cxd5 cxd5 7.Nc3 O-O 8.Ne5 e6
9.O-O Nfd7 10.f4 Nc6 11.b3 Ndxe5 12.dxe5 f6 13.exf6 Qxf6 14.Bd2 Qe7 15.Rc1
Bd7 16.Kh1 Rad8 17.Qe1 Be8 18.g4 Bf7 19.e4 d4 20.Na4 e5 21.f5 Bf6 22.Bh6 
Bg5 23.Bxg5 Qxg5 24.Nc5 d3 25.Rd1 d2 26.Qg3 Rd4 27.Rf2 Qe7 28.Qc3 Rc8 29.
Na4 Qg5 30.Rfxd2 Qxg4 31.Rxd4 exd4 1/2-1/2

[Event "4th EUR-ch"]
[Site "Istanbul TUR"]
[Date "2003.06.01"]
[Round "3.3"]
[White "Agrest, Evgenij"]
[Black "Graf, Alexander"]
[Result "1/2-1/2"]
[WhiteElo "2591"]
[BlackElo "2630"]
[EventDate "2003.05.30"]
[PlyCount "121"]

1.c4 Nf6 2.Nc3 c5 3.Nf3 e6 4.g3 b6 5.Bg2 Bb7 6.O-O Be7 7.Re1 d6 8.e4 a6 9.
d4 cxd4 10.Nxd4 Qc7 11.Be3 O-O 12.Rc1 Nbd7 13.f4 Rfe8 14.f5 Bf8 15.fxe6 
fxe6 16.b3 Re7 17.Rc2 Rae8 18.g4 Ne5 19.g5 Nfd7 20.Bf2 g6 21.h3 Bg7 22.Kh1
Nf7 23.Qd2 Nc5 24.Nde2 Qd8 25.b4 Nd7 26.Nd4 Qb8 27.Na4 Rc8 28.Bg3 Qa8 29.
Nb3 b5 30.cxb5 Rxc2 31.Qxc2 axb5 32.Nc3 Bxc3 33.Qxc3 Nxg5 34.Qe3 Nf7 35.
Na5 Nde5 36.Qb6 Nd3 37.Re3 Nde5 38.Qxb5 Qa7 39.Qe2 Ba6 40.Qd2 Nc4 41.Nxc4 
Bxc4 42.a3 Rd7 43.Kh2 h5 44.Rf3 Kh7 45.Qc2 Bb5 46.Rf6 Qxa3 47.e5 Qd3 48.
Qxd3 Bxd3 49.exd6 Nxd6 50.Rxe6 Nf5 51.Be5 Bc4 52.Re8 g5 53.Rc8 Bd5 54.Bf1 
Be4 55.Rc7 Rxc7 56.Bxc7 g4 57.hxg4 hxg4 58.b5 Ne3 59.Be2 Nd5 60.b6 Nxb6 
61.Bxb6 1/2-1/2

[Event "4th EUR-ch"]
[Site "Istanbul TUR"]
[Date "2003.06.01"]
[Round "3.4"]
[White "Gashimov, Vugar"]
[Black "Dautov, Rustem"]
[Result "1/2-1/2"]
[WhiteElo "2579"]
[BlackElo "2611"]
[EventDate "2003.05.30"]
[PlyCount "94"]

1.e4 c6 2.d4 d5 3.Nd2 dxe4 4.Nxe4 Bf5 5.Ng3 Bg6 6.h4 h6 7.Nf3 e6 8.h5 Bh7 
9.Bd3 Bxd3 10.Qxd3 Nf6 11.Bf4 Bd6 12.Ne5 O-O 13.O-O-O Nbd7 14.Rhe1 Qc7 15.
Qe2 Rad8 16.Kb1 Nd5 17.Bc1 Nxe5 18.dxe5 Bxe5 19.Qxe5 Qxe5 20.Rxe5 Nc3+ 21.
bxc3 Rxd1 22.Re2 Rfd8 23.Kb2 R8d5 24.c4 R5d4 25.Kc3 Rg4 26.Be3 b6 27.Rd2 
Rxd2 28.Bxd2 f5 29.Kd3 Kf7 30.Be1 f4 31.Ne2 e5 32.g3 fxg3 33.Nxg3 Rd4+ 34.
Kc3 Rf4 35.Kd3 Rf3+ 36.Ke4 Ra3 37.Nf5 Rxa2 38.Ne3 Ra1 39.Bc3 Rh1 40.Ng4 
Ke6 41.Nxe5 Rxh5 42.Nxc6 Rc5 43.Nxa7 Rxc4+ 44.Bd4 h5 45.c3 g5 46.Kf3 Kd5 
47.Kg2 Rc7 1/2-1/2

[Event "4th EUR-ch"]
[Site "Istanbul TUR"]
[Date "2003.06.01"]
[Round "3.5"]
[White "Ivanisevic, Ivan"]
[Black "Nisipeanu, Liviu-Dieter"]
[Result "0-1"]
[WhiteElo "2569"]
[BlackElo "2606"]
[EventDate "2003.05.30"]
[PlyCount "54"]

1.d4 Nf6 2.c4 e6 3.Nc3 Bb4 4.Qc2 O-O 5.e4 d6 6.a3 Bxc3+ 7.bxc3 e5 8.Bd3 c5
9.Ne2 Nc6 10.d5 Ne7 11.f3 Ng6 12.h4 Nh5 13.g3 b5 14.cxb5 c4 15.Bxc4 f5 16.
Bg5 Qb6 17.exf5 Bxf5 18.Qd2 e4 19.f4 Rac8 20.Qd4 Qxd4 21.Nxd4 Rxc4 22.Nxf5
Rxf5 23.g4 Rxg5 24.fxg5 Nhf4 25.a4 Rxc3 26.a5 Rc2 27.b6 Ng2+ 0-1

[Event "4th EUR-ch"]
[Site "Istanbul TUR"]
[Date "2003.06.01"]
[Round "3.7"]
[White "Grischuk, Alexander"]
[Black "Socko, Bartosz"]
[Result "1-0"]
[WhiteElo "2701"]
[BlackElo "2577"]
[EventDate "2003.05.30"]
[PlyCount "99"]

1.e4 e5 2.Nf3 Nc6 3.Bb5 a6 4.Ba4 Nf6 5.O-O Be7 6.Re1 b5 7.Bb3 d6 8.c3 O-O 
9.d4 Bg4 10.Be3 exd4 11.cxd4 Na5 12.Bc2 c5 13.h3 Bxf3 14.Qxf3 Nc4 15.dxc5 
dxc5 16.Nc3 Nd7 17.Bf4 Nde5 18.Bxe5 Nxe5 19.Qg3 Nc6 20.Rad1 Nd4 21.e5 Ra7 
22.Ne2 Rd7 23.Nxd4 Rxd4 24.Qe3 Kh8 25.f4 Qd7 26.Rxd4 Qxd4 27.Qxd4 cxd4 28.
Kf2 Rc8 29.Bd3 f6 30.exf6 Bxf6 31.Re6 Ra8 32.g4 h6 33.Be4 Rd8 34.Ke2 d3+ 
35.Bxd3 Bxb2 36.Rxa6 b4 37.h4 Kg8 38.Bg6 Kf8 39.Re6 Bf6 40.g5 hxg5 41.hxg5
Be7 42.Re5 Rd6 43.Rf5+ Kg8 44.Bf7+ Kh7 45.Re5 Rd7 46.Re3 g6 47.Re6 Kg7 48.
Bxg6 Bf8 49.Bc2 Bd6 50.Kf3 1-0

[Event "4th EUR-ch"]
[Site "Istanbul TUR"]
[Date "2003.06.01"]
[Round "3.8"]
[White "Pavasovic, Dusko"]
[Black "Azmaiparashvili, Zurab"]
[Result "0-1"]
[WhiteElo "2584"]
[BlackElo "2678"]
[EventDate "2003.05.30"]
[PlyCount "103"]

1.e4 d6 2.d4 Nf6 3.Nc3 g6 4.g3 Bg7 5.Bg2 O-O 6.Nge2 Na6 7.h3 c5 8.Be3 cxd4
9.Nxd4 Nc7 10.O-O d5 11.exd5 Nfxd5 12.Nxd5 Nxd5 13.Bc1 Nb6 14.c3 a6 15.Qe2
Qc7 16.Rd1 Re8 17.Nb3 Bd7 18.Be3 Bb5 19.Qc2 Nc4 20.Bd4 e5 21.Bc5 Rad8 22.
Rxd8 Rxd8 23.a4 Bc6 24.Bxc6 Qxc6 25.Rd1 Rxd1+ 26.Qxd1 Bf6 27.Qe2 Qxa4 28.
Qg4 Nb6 29.Bxb6 Qxb3 30.Qc8+ Kg7 31.Bc5 h5 32.Bb4 Qd1+ 33.Kh2 Qd5 34.c4 
Qe6 35.Qxe6 fxe6 36.b3 e4 37.Bc5 Be5 38.Kg2 Kf6 39.Kf1 Kf5 40.Ke2 Bb2 41.
Bb6 Ke5 42.Bc5 Bd4 43.Bf8 Kf5 44.Ba3 g5 45.Bc1 g4 46.hxg4+ Kxg4 47.Bd2 Kh3
48.Be3 e5 49.b4 Kg2 50.b5 axb5 51.cxb5 b6 52.Bc1 0-1

[Event "4th EUR-ch"]
[Site "Istanbul TUR"]
[Date "2003.06.01"]
[Round "3.9"]
[White "Malakhov, Vladimir"]
[Black "Delchev, Alexander"]
[Result "1/2-1/2"]
[WhiteElo "2672"]
[BlackElo "2577"]
[EventDate "2003.05.30"]
[PlyCount "134"]

1.Nf3 d5 2.d4 Nf6 3.c4 e6 4.Nc3 Bb4 5.Bg5 h6 6.Bxf6 Qxf6 7.e3 O-O 8.Qb3 c5
9.cxd5 exd5 10.dxc5 Bxc3+ 11.Qxc3 Qxc3+ 12.bxc3 Nd7 13.Rd1 Nxc5 14.Rxd5 b6
15.c4 Bb7 16.Rd4 Bxf3 17.gxf3 Rad8 18.Kd2 Ne6 19.Rxd8 Rxd8+ 20.Kc3 Nc5 21.
Be2 Kf8 22.Rg1 g5 23.h4 f6 24.Kc2 Rd6 25.Rg4 a5 26.Rg1 Ke7 27.Rb1 Ke6 28.
Bf1 Ke7 29.a3 Rc6 30.Bh3 Nb7 31.Kd3 Nd6 32.Rc1 Rc5 33.Bf1 Kd7 34.hxg5 hxg5
35.Rc2 Re5 36.e4 Kc6 37.Kd4 Rc5 38.Bd3 Nf7 39.Rc1 Ne5 40.Be2 Ng6 41.Bd1 
Nf4 42.Ba4+ Kd6 43.Rb1 Kc7 44.Be8 Ne6+ 45.Kc3 Nd8 46.Rh1 Re5 47.Rh7+ Kb8 
48.Bg6 Re6 49.Bf5 Rd6 50.f4 gxf4 51.Rh4 Nf7 52.Rxf4 Ne5 53.Bh7 Kc7 54.Bg8 
Rd3+ 55.Kc2 Rxa3 56.Rxf6 Rf3 57.Rxf3 Nxf3 58.Bf7 Kd6 59.Bh5 Nd4+ 60.Kd3 
Ne6 61.Bg4 Nc5+ 62.Kd4 Nb3+ 63.Kc3 a4 64.Bd1 Nc5 65.Kd4 a3 66.e5+ Ke7 67.
Kc3 Ke6 1/2-1/2

[Event "4th EUR-ch"]
[Site "Istanbul TUR"]
[Date "2003.06.01"]
[Round "3.12"]
[White "Movsesian, Sergei"]
[Black "Luther, Thomas"]
[Result "1/2-1/2"]
[WhiteElo "2659"]
[BlackElo "2571"]
[EventDate "2003.05.30"]
[PlyCount "76"]

1.e4 Nf6 2.e5 Nd5 3.d4 d6 4.c4 Nb6 5.f4 dxe5 6.fxe5 c5 7.d5 e6 8.Nc3 exd5 
9.cxd5 c4 10.d6 Be6 11.Nf3 Nc6 12.Nb5 Rc8 13.Bg5 Qd7 14.a4 h6 15.Be3 Nd5 
16.Bf2 a6 17.Nbd4 Nxe5 18.Nxe5 Qxd6 19.Nef3 Qf4 20.Be2 Bb4+ 21.Kf1 O-O 22.
Nxe6 fxe6 23.Qd4 Qxd4 24.Bxd4 e5 25.Bxe5 Ne3+ 26.Kg1 Nc2 27.Rc1 Bc5+ 28.
Kf1 Ne3+ 29.Ke1 Nxg2+ 30.Kd1 Ne3+ 31.Kd2 Rcd8+ 32.Kc3 Rxf3 33.b4 Nd5+ 34.
Kb2 Rb3+ 35.Ka1 Ra3+ 36.Kb2 Rb3+ 37.Ka1 Ra3+ 38.Kb2 Rb3+ 1/2-1/2

[Event "4th EUR-ch"]
[Site "Istanbul TUR"]
[Date "2003.06.01"]
[Round "3.13"]
[White "Alexandrov, Alexei"]
[Black "Burmakin, Vladimir"]
[Result "1-0"]
[WhiteElo "2650"]
[BlackElo "2569"]
[EventDate "2003.05.30"]
[PlyCount "31"]

1.d4 c6 2.c4 d5 3.Nc3 Nf6 4.e3 a6 5.Qc2 b5 6.b3 Bg4 7.Nge2 Nbd7 8.h3 Bh5 
9.Nf4 Bg6 10.Nxg6 hxg6 11.Be2 e6 12.Bb2 Bd6 13.Rd1 Rc8 14.Ba1 Qa5 15.Kf1 
Bb8 16.g3 1-0

[Event "4th EUR-ch"]
[Site "Istanbul TUR"]
[Date "2003.06.01"]
[Round "3.14"]
[White "Tkachiev, Vladislav"]
[Black "Izoria, Zviad"]
[Result "1-0"]
[WhiteElo "2643"]
[BlackElo "2569"]
[EventDate "2003.05.30"]
[PlyCount "96"]

1.d4 Nf6 2.c4 g6 3.Nf3 Bg7 4.g3 c5 5.d5 b5 6.cxb5 a6 7.bxa6 d6 8.Bg2 Nbd7 
9.Nc3 Nb6 10.O-O Bxa6 11.Re1 O-O 12.Nd2 Ra7 13.Nf1 Qa8 14.Ne3 Rb8 15.Qc2 
Nc4 16.b3 Nxe3 17.Bxe3 Ng4 18.Bd2 c4 19.h3 Ne5 20.Rec1 Rc7 21.Qd1 h5 22.
Rab1 cxb3 23.axb3 Rbc8 24.Na4 Qb7 25.Rxc7 Rxc7 26.Rc1 Rxc1 27.Bxc1 Qb4 28.
Bd2 Qa3 29.Bf1 Bb5 30.Nc3 Ba6 31.Qb1 Bb7 32.Bg2 Ba6 33.Qc2 Nd7 34.Ne4 Nf6 
35.Nxf6+ Bxf6 36.Bf3 Kg7 37.Bc3 Bb5 38.h4 Bd7 39.Kg2 Bf5 40.e4 Bd7 41.
Bxf6+ exf6 42.Qc3 Bb5 43.g4 hxg4 44.Bxg4 Qa2 45.h5 Qb1 46.h6+ Kxh6 47.Qxf6
Qxe4+ 48.Kg3 Qe8 1-0

[Event "4th EUR-ch"]
[Site "Istanbul TUR"]
[Date "2003.06.01"]
[Round "3.15"]
[White "Kharlov, Andrei"]
[Black "Kobalia, Mikhail"]
[Result "1-0"]
[WhiteElo "2581"]
[BlackElo "2639"]
[EventDate "2003.05.30"]
[PlyCount "99"]

1.c4 Nf6 2.Nc3 e5 3.g3 Bb4 4.Bg2 O-O 5.e4 Nc6 6.Nge2 d6 7.O-O Bc5 8.h3 Re8
9.d3 Nd4 10.Be3 Nxe2+ 11.Qxe2 c6 12.Bxc5 dxc5 13.f4 exf4 14.gxf4 Nd7 15.
Qf2 Nf8 16.Rad1 Ne6 17.e5 Nd4 18.Ne4 Qe7 19.b4 b6 20.bxc5 bxc5 21.Nd6 Rd8 
22.Rde1 f6 23.Qh4 Qf8 24.Ne4 Nf5 25.Qf2 Nd4 26.exf6 g6 27.Qh4 Bf5 28.Ng5 
h6 29.Nh7 Kxh7 30.Re7+ Kh8 31.Rg7 h5 32.Qg5 Qxg7 33.fxg7+ Kxg7 34.Re1 Re8 
35.Re7+ Kg8 36.Qf6 Ne2+ 37.Kh2 Rxe7 38.Qxe7 Nxf4 39.Bxc6 Rf8 40.Qxc5 Rf7 
41.Bd5 Nxd5 42.Qxd5 Kg7 43.c5 Re7 44.h4 Re2+ 45.Kg1 Rc2 46.c6 Kf6 47.d4 
Rd2 48.Qe5+ Kf7 49.d5 Rxa2 50.d6 1-0

[Event "4th EUR-ch"]
[Site "Istanbul TUR"]
[Date "2003.06.01"]
[Round "3.16"]
[White "Volkov, Sergei"]
[Black "Nevednichy, Vladislav"]
[Result "1/2-1/2"]
[WhiteElo "2634"]
[BlackElo "2569"]
[EventDate "2003.05.30"]
[PlyCount "60"]

1.d4 g6 2.c4 Bg7 3.e4 d6 4.Nc3 Nf6 5.Be2 O-O 6.Nf3 e5 7.Be3 Ng4 8.Bg5 f6 
9.Bc1 exd4 10.Nxd4 f5 11.h3 Ne5 12.exf5 gxf5 13.Nd5 Ng6 14.h4 Nc6 15.Bg5 
Qd7 16.Nb5 h6 17.Bd2 a6 18.Nbxc7 Rb8 19.Rh3 f4 20.h5 Nge5 21.Rh4 f3 22.
gxf3 Qd8 23.Rh1 Nd4 24.f4 Nxe2 25.fxe5 Nd4 26.e6 Nxe6 27.Nxe6 Bxe6 28.Rg1 
Qh4 29.Be3 Kh8 30.Qd2 Qxh5 1/2-1/2

[Event "4th EUR-ch"]
[Site "Istanbul TUR"]
[Date "2003.06.01"]
[Round "3.17"]
[White "Lastin, Alexander"]
[Black "Atalik, Suat"]
[Result "0-1"]
[WhiteElo "2632"]
[BlackElo "2568"]
[EventDate "2003.05.30"]
[PlyCount "74"]

1.d4 d5 2.c4 c6 3.Nc3 Nf6 4.e3 a6 5.Nf3 e6 6.Qc2 c5 7.dxc5 Bxc5 8.a3 dxc4 
9.Bxc4 b5 10.Be2 Nbd7 11.O-O Bb7 12.Bd2 O-O 13.Rac1 Qb8 14.Rfd1 Rc8 15.Be1
Ne5 16.Nd2 Ng6 17.Bf3 Nh4 18.Bxb7 Qxb7 19.e4 Ng4 20.Nf1 Ne5 21.Qe2 Qe7 22.
Kh1 Qg5 23.Ng3 Nhg6 24.Qf1 Nc4 25.Rc2 Bd6 26.Nge2 Qf6 27.Rd3 Nge5 28.Rh3 
Bc5 29.Ng3 g6 30.Qe2 Rd8 31.b3 Nxa3 32.Nd5 exd5 33.Rxc5 d4 34.Nh5 Qd6 35.
Bb4 d3 36.Qd2 Nc2 37.Qh6 gxh5 0-1

[Event "4th EUR-ch"]
[Site "Istanbul TUR"]
[Date "2003.06.01"]
[Round "3.18"]
[White "Tregubov, Pavel"]
[Black "Bischoff, Klaus"]
[Result "1-0"]
[WhiteElo "2632"]
[BlackElo "2564"]
[EventDate "2003.05.30"]
[PlyCount "71"]

1.d4 g6 2.Nf3 Bg7 3.e4 d6 4.Bc4 e6 5.O-O Ne7 6.a4 a6 7.a5 h6 8.Nc3 g5 9.
Ne2 g4 10.Ne1 Nbc6 11.c3 h5 12.Nd3 Ng6 13.Nef4 Nce7 14.f3 d5 15.Bb3 Nxf4 
16.Bxf4 dxe4 17.fxe4 Ng6 18.Qd2 Nxf4 19.Qxf4 Qe7 20.Ne5 O-O 21.h3 c5 22.
hxg4 cxd4 23.cxd4 hxg4 24.Rad1 Bd7 25.Qxg4 Bb5 26.Rfe1 Rac8 27.Re3 Qf6 28.
Rf3 Qh6 29.Rh3 Qf6 30.Qh5 Rfd8 31.Qh7+ Kf8 32.Rf3 Qxe5 33.dxe5 Rxd1+ 34.
Bxd1 Rc1 35.Kf2 Rxd1 36.Rxf7+ 1-0